000 00987nam a22003137a 4500
001 000022866
003 CHAP
005 20220329134533.0
008 971013s1967 r 00010 d
010 _a21821
011 _a22793
035 _a26888
040 _cCHAP
090 _aFolleto 3183
110 2 _aAsociación Mexicana de Profesionistas Forestales, A. C.
_98069
245 1 0 _aDeclaración de principios y estatutos modificados.
260 _aMéxico, D.F. :
_bAsociación Mexicana de Profesionistas Forestales, A.C.,
_c1967.
300 _a20 p.
590 _aBATCH-UPD
_b10
_c20130110
_lUCH01
_h2207
590 _aBATCH-UPD
_b10
_c20130410
_lUCH01
_h1511
590 _aBATCH-UPD
_b10
_c20130914
_lUCH01
_h0709
590 _aCONVERSION
_b10
_c20130109
_lUCH01
_h1313
590 _aE11695DGD
_b10
_c20150515
_lUCH01
_h1142
590 _aE5995AHE
_b05
_c20150428
_lUCH01
_h1333
650 1 4 _aBosques
_xSociedades
_xMéxico.
_914390
901 _aBK
942 _cFOLL
942 _n0
999 _c21821
_d21821